Prénoms féminins les plus données en France. - Statistiques

Statistiques générales
  • Ce quiz a été pris 1 055 fois
    838 depuis la dernière actualisation
  • Le résultat moyen est 64 sur 242
Statistiques - réponses
Première lettre Prénoms % Correct
A Anna/ Ana
81%
A Alice
68%
C Camille
66%
A Anne
64%
A Amélie
63%
C Chloé / Cloé
63%
E Emma
63%
B Béatrice
60%
A Alicia
58%
C Clara
57%
E Émilie/ Emily
56%
A Aurélie
55%
E Élisa
54%
E Eva
52%
C Céline
51%
C Charlotte
51%
E Élise
51%
A Ambre
49%
C Caroline
49%
A Anaïs
48%
F Flore
48%
C Christine
47%
D Dominique
47%
F Françoise
47%
A Amandine
46%
A Annie
46%
C Célia
46%
D Danielle/ Danièle
46%
A Alba
45%
F Fanny
45%
C Carla
44%
C Clémence
44%
A Adèle
43%
A Alexandra
43%
A Aline
43%
C Catherine
43%
A Agathe
42%
A Amélia
42%
A Audrey
42%
B Brigitte
42%
C Cécile
42%
C Clémentine
42%
B Bernadette
41%
C Corinne/ Corine
41%
F Flora
41%
F Florence
41%
C Carole
40%
C Christelle/ Christèle/ Christel
40%
E Élodie
40%
A Aurore
39%
C Charline
39%
C Claire
39%
C Coralie
39%
E Emmy/ Emy
39%
E Éloïse
38%
E Eve
38%
A Alma
37%
C Charlie
37%
A Adeline
36%
A Alexia
36%
A Apolline/ Appoline
36%
A Aria/ Arya
36%
B Bérénice
36%
C Carine
36%
C Christiane
36%
E Elsa
36%
E Estelle
36%
F Fabienne
36%
A Anaé
35%
A Angèle
35%
A Angélique
34%
C Claude
34%
D Denise
34%
E Émeline
33%
F Francine
33%
A Andréa
32%
C Cassandra
32%
C Claudine
32%
D Delphine
32%
D Diane
32%
E Elena
32%
E Éline/ Elyn/ Elyne
32%
F France
32%
A Alix
31%
A Ava
31%
B Blanche
31%
C Clarisse
31%
F Faustine
31%
F Fleur
31%
A Andrée
30%
B Bénédicte
30%
C Cassandre
30%
C Charlène
30%
C Cléa
30%
C Coline
30%
E Élina/ Élyna
30%
A Alizée
29%
A Anne Marie
29%
B Bérangère
29%
C Colette
29%
D Diana
29%
E Élisabeth
29%
F Fiona
29%
A Albane
28%
A Aya
28%
C Capucine
28%
E Éléonore
28%
E Evelyne/ Eveline
28%
F Flavie
28%
A Anaëlle
27%
A Annick
27%
A Axelle
27%
C Chantal
27%
C Clotilde / Clothilde
27%
E Éléa
27%
E Ella
27%
E Emmanuelle
27%
B Barbara
26%
C Cléo
26%
C Constance
26%
F Frédérique
26%
A Alya
25%
A Antoinette
25%
A Augustine
25%
C Candice
25%
A Angelina
24%
A Armelle / Armel
24%
A Aude
24%
B Blandine
24%
D Doriane
24%
D Dorothée
24%
A Abigaël/ Abigail/ Abigaëlle
23%
A Assia
23%
F Félicie
23%
A Agnès
22%
A Ariane/ Arianne
22%
A Aurélia
22%
B Bianca
22%
A Anne Laure
21%
A Astrid
21%
C Cécilia
21%
C Claudette
21%
E Eugénie
21%
A Albertine
20%
A Amanda
20%
A Angéline
20%
A Annabelle
20%
C Cathy / Cathie
20%
C Chiara
20%
C Cindy
20%
C Coraline
20%
D Dina
20%
E Eden
20%
E Enora
20%
E Erika/ Erica
20%
F Floriane
20%
A Armande
19%
C Céleste
19%
E Éliane
19%
A Adelaïde
18%
A Alison / Allison
18%
A Anita / Anitta
18%
A Anne Sophie
18%
A Arlette
18%
B Berthe
18%
C Camélia
18%
D Déborah
18%
D Dorine
18%
F Fernande
18%
A Adrianna/ Adriana
17%
A Alberte
17%
B Betty
17%
C Cynthia
17%
D Dounia
17%
E Églantine
17%
E Esmée
17%
E Esther
17%
A Adrienne
16%
A Anissa
16%
A Athena
16%
F Florine
16%
A Aimée
15%
A Anastasia
15%
A Anouk
15%
B Bertille
15%
E Énola
15%
B Brune
14%
C Carmen
14%
C Celestine
14%
D Daphnée
14%
E Ellie
14%
E Ernestine
14%
A Abby
13%
A Anne Lise
13%
C Christina
13%
A Anette
12%
B Brenda
12%
D Daniella
12%
E Edith
12%
A Aïcha
11%
A Amy
11%
B Billie/ Billy
11%
C Clélia
11%
E Émilienne
11%
A Alexandrine
10%
D Désirée
10%
A Aglaé
9%
A Alphonsine
9%
A Auriane
9%
C Cyrielle
9%
B Bettina
8%
C Corentine
8%
A Aliénor
7%
A Alyssa
7%
A Antonia
7%
C Cassie
7%
C Célimène
7%
C Cerise
7%
D Dolorès
7%
D Domitille
7%
E Edwige
7%
E Éléanor
7%
C Cassiopée
6%
C Cataléya
6%
C Chelsea
6%
D Dalila
6%
E Eulalie
6%
A Anne Charlotte
5%
D Daisy
5%
D Daria
4%
E Evy
4%
A Ambrine
3%
A Anastasie
3%
A Augusta
3%
C Colombe
3%
C Chaïma
2%
E Éloane
2%
E Émeraude
2%
C Charlize
1%
E Emna
1%
A Ambeline
0%
C Caitleen
0%
Aucun quiz correspondant
Distribution des résultats
% des personnes avec chaque résultat
Percentile par nombre de réponses
Votre historique - résultats
Vous n’avez pas pris ce quiz depuis la dernière actualisation